Normal view
MARC view
- Motion pictures
Entry Topical Term
001 - CONTROL NUMBER
- control field: 8034
003 - CONTROL NUMBER IDENTIFIER
- control field: NUST
005 - DATE AND TIME OF LATEST TRANSACTION
- control field: 20180105092107.0
008 - FIXED-LENGTH DATA ELEMENTS
- fixed length control field: 180105|| aca||aabn | a|a d
040 ## - CATALOGING SOURCE
- Original cataloging agency: NUST
- Transcribing agency: NUST
150 ## - HEADING--TOPICAL TERM
- Topical term or geographic name entry element: Motion pictures
- Form subdivision: Reviews.
670 ## - SOURCE DATA FOUND
- Source citation: Work cat.: (NUST)0: Kauffmann, Stanley, 1916-2013. 8033, Living images;, 1975
